000 00351cam a22000977a 4500
008 180718b xxu||||| |||| 00| 0 eng d
082 _aR64011x5411 As72r
245 _aReport on the working of the Indian boilers act (Act V of 1923) in Asam
_cby Government of Assam
260 _aShillong
_bAssam Government Press
_c
500 _aLibrary has 1947-48 and 1948-49
999 _c503705
_d503705